LIBRARY ONLINE CATALOGUE

Modern Spectroscopy. (Record no. 6517)

MARC details
000 -LEADER
fixed length control field 00602nam a22002172 4500
001 - CONTROL NUMBER
control field 0000003777
005 - DATE AND TIME OF LATEST TRANSACTION
control field 20151217151933.0
008 - FIXED-LENGTH DATA ELEMENTS--GENERAL INFORMATION
fixed length control field 070515s xx 000 0 eng d
020 ## - INTERNATIONAL STANDARD BOOK NUMBER
International Standard Book Number 0470844167 :
Terms of availability GBP 30.00
040 ## - CATALOGING SOURCE
Original cataloging agency KABU
Transcribing agency KABU
050 #0 - LIBRARY OF CONGRESS CALL NUMBER
Classification number QC451
Item number .H65 2004
100 1# - MAIN ENTRY--PERSONAL NAME
Personal name Hollas, J. Michael.
-- 0000153919
245 10 - TITLE STATEMENT
Title Modern Spectroscopy.
250 ## - EDITION STATEMENT
Edition statement 4th ed.
260 ## - PUBLICATION, DISTRIBUTION, ETC. (IMPRINT)
Place of publication, distribution, etc. Chichester, England :
Name of publisher, distributor, etc. J. Wiley,
Date of publication, distribution, etc. 2004.
300 ## - PHYSICAL DESCRIPTION
Extent xxvii, 452 p.
650 #0 - SUBJECT ADDED ENTRY--TOPICAL TERM
Topical term or geographic name as entry element Spectrum analysis.
-- 0000153917
908 ## - PUT COMMAND PARAMETER (RLIN)
Put command parameter 070515
950 ## - LOCAL HOLDINGS (RLIN)
-- 1
Holdings
Withdrawn status Lost status Source of classification or shelving scheme Not for loan Home library Current library Date acquired Total Checkouts Full call number Barcode Date last seen Price effective from Koha item type
    Library of Congress Classification   Kabarak, Main Campus Kabarak, Main Campus 17/12/2015   QC451 .H65 2004 010314 17/12/2015 17/12/2015 General Collection